000 00360nam a2200145Ia 4500
008 150201s2004 xx 000 0 und d
082 _a617.645
_bN2004B
100 _aBEHRMAN , RICHARD
245 _aNELSON TEX T BOOK OF PEDIATRIC
250 _a17TH
260 _bSAUNDERS
_aPHILADELPHIA
_c2004
300 _aJan-18
650 _aPEDODONTICS
942 _2ddc
_cBK
999 _c3447
_d3447